[Event "Zaragoza op-A"]
[Site "Zaragoza"]
[Date "1995.??.??"]
[Round "7"]
[White "Garcia Ilundain, David"]
[Black "Lalic, Bogdan"]
[Result "1/2-1/2"]
[WhiteElo "2485"]
[BlackElo "2590"]

1.e4 e5 2.Nf3 Nc6 3.Bb5 a6 4.Ba4 Nf6 5.O-O Be7 6.Re1 b5 7.Bb3 d6 8.c3 O-O
9.h3 Bb7 10.d4 Re8 11.Nbd2 Bf8 12.Bc2 Nb8 13.a4 Nbd7 14.Bd3 c6 15.b3 g6 16.Ba3 Qb6  1/2-1/2

[Event "Ano Liosia op"]
[Site "Ano Liosia"]
[Date "1996.??.??"]
[Round "4"]
[White "Gavrilakis, Nikolaos"]
[Black "Karkanaque, Ilir"]
[Result "1-0"]
[WhiteElo "2390"]
[BlackElo "2400"]

1.e4 e5 2.Nf3 Nc6 3.Bb5 a6 4.Ba4 Nf6 5.O-O Be7 6.Re1 b5 7.Bb3 d6 8.c3 O-O
9.h3 Bb7 10.d4 Re8 11.Nbd2 Bf8 12.d5 Nb8 13.Nf1 Nbd7 14.Ng3 g6 15.Bg5 Nc5
16.Bc2 a5 17.a4 Nxa4 18.Bxa4 bxa4 19.Qxa4 Be7 20.Be3 Qb8 21.Nd2 Bc8 22.b3 Bd7
23.Qa2 c5 24.Nc4 a4 25.b4 cxb4 26.cxb4 Bb5 27.Na5 Bd8 28.Qd2 Nd7 29.Rec1 Bb6
30.Nc6 Qb7 31.Bxb6 Qxb6 32.Ra3 f6 33.h4 Nf8 34.h5 Qb7 35.Na5 Qf7 36.hxg6 hxg6
37.Rac3 Nh7 38.R1c2 Kg7 39.Rc7 Re7 40.Rxe7 Qxe7 41.Qc1 Nf8 42.Rc7 Nd7 43.Nc6 Qe8
44.Na7 Bd3 45.Qc6 Rd8 46.Qxa4 f5 47.Nc6 Ra8 48.Rxd7+ Qxd7 49.Qxa8 fxe4 50.Qa7 Qf7
51.Nf1 Kf6 52.Qxf7+ Kxf7 53.Na7  1-0

[Event "Ano Liosia op"]
[Site "Ano Liosia"]
[Date "1996.??.??"]
[Round "6"]
[White "Mainka, Romuald"]
[Black "Dervishi, Erald"]
[Result "0-1"]
[WhiteElo "2495"]
[BlackElo "2290"]

1.e4 e5 2.Nf3 Nc6 3.Bb5 a6 4.Ba4 Nf6 5.O-O Be7 6.Re1 b5 7.Bb3 d6 8.c3 O-O
9.h3 Bb7 10.d4 Re8 11.Nbd2 Bf8 12.d5 Nb8 13.Nf1 Nbd7 14.Ng3 Nc5 15.Bc2 c6
16.b4 Ncd7 17.dxc6 Bxc6 18.Bb3 h6 19.Nh4 a5 20.Ng6 a4 21.Nxf8 Nxf8 22.Bc2 d5
23.exd5 Qxd5 24.Qxd5 Nxd5 25.Bd2 Rad8 26.Rad1 Nd7 27.Ne4 N7b6 28.g4 Nc4 29.Bc1 Nf4
30.Kh2 Rxd1 31.Rxd1 Ne2 32.Bd3 Nxc1 33.Rxc1 Rd8 34.Nc5 Nb2 35.Bf1 Rd2 36.Kg3 Nd1
37.Be2 Nxc3 38.Rxc3 Rxe2 39.a3 Bd5 40.Re3 Ra2 41.h4 f6 42.f3 Bc4 43.h5 Kf7
44.Rc3 Bf1 45.Ne4 Ke6 46.Rc6+ Kd7 47.Rc3 Bc4 48.Nc5+ Kd6 49.Nxa4 Kd5 50.Nc5 Kd4
51.Rc1 Rxa3 52.Rd1+ Kc3 53.Rd7 Kxb4 54.Ne4 Be2  0-1

[Event "Lee Cup"]
[Site "Beijing"]
[Date "1996.??.??"]
[Round "1"]
[White "Li Shilong"]
[Black "Liss, Eran"]
[Result "1-0"]
[WhiteElo "2340"]
[BlackElo "2525"]

1.e4 e5 2.Nf3 Nc6 3.Bb5 a6 4.Ba4 Nf6 5.O-O Be7 6.Re1 b5 7.Bb3 d6 8.c3 O-O
9.h3 Bb7 10.d4 Re8 11.Nbd2 Bf8 12.d5 Ne7 13.Nf1 h6 14.N3h2 Nd7 15.Ng4 h5
16.Ngh2 g6 17.Nf3 Bg7 18.Ng5 Nc5 19.Bc2 f6 20.Nf3 a5 21.Be3 Rf8 22.Ng3 Qe8
23.Nh4 Rd8 24.a4 Nxa4 25.Bxa4 bxa4 26.c4 Ra8 27.Rxa4 Bc8 28.Ra3 Bd7 29.c5 dxc5
30.Bxc5 Rf7 31.Rc3 Rc8 32.Qc2 g5 33.Nf3 h4 34.Nf1 Ng6 35.Ne3 Nf4 36.Nh2 c6
37.d6 Be6 38.Nhg4 Rb7 39.Ba3 Rb6 40.Rd1 Qd7 41.Rd2 Rb5 42.Kh2 Rb6 43.g3 Ng6
44.Nf5 Bxf5 45.exf5 hxg3+ 46.fxg3 Nh8 47.Qa4 Nf7 48.Qxa5 Rb5 49.Qa4 Re8 50.Qe4 Rb6
51.Nf2 Ra8 52.g4 Ra5 53.Qc4  1-0

[Event "Lee Cup"]
[Site "Beijing"]
[Date "1996.??.??"]
[Round "5"]
[White "Qin Kanying"]
[Black "Liss, Eran"]
[Result "1-0"]
[WhiteElo "2370"]
[BlackElo "2525"]

1.e4 e5 2.Nf3 Nc6 3.Bb5 a6 4.Ba4 Nf6 5.O-O Be7 6.Re1 b5 7.Bb3 d6 8.c3 O-O
9.h3 Bb7 10.d4 Re8 11.Nbd2 Bf8 12.d5 Nb8 13.Nf1 Nbd7 14.Ng3 g6 15.Nh2 h5
16.Nf3 Bg7 17.Bg5 Qe7 18.Bc2 Qf8 19.a4 Nh7 20.Be3 Qe7 21.axb5 axb5 22.Qd3 c6
23.dxc6 Bxc6 24.Rad1 Bf8 25.Qd2 Ndf6 26.Ng5 Nxg5 27.Bxg5 Qe6 28.Bxf6 Qxf6
29.Bb3 Rad8 30.Nf1 Kh7 31.Bd5 Bd7 32.Ra1 Bh6 33.Qd3 Rf8 34.Ra7 Kh8 35.Rea1 Qf4
36.Rc7 Be8 37.Raa7 Kg7 38.b4 Qf6 39.c4 bxc4 40.Qxc4 Rb8 41.Rcb7 Qd8 42.Rxb8 Qxb8
43.Rb7 Qd8 44.Qa6 Bc1 45.Qa5 Qg5 46.Qa1 Bd2 47.Qb2 Be1 48.Ne3 Kh8 49.Kf1 Bxf2
50.Qxf2 f5 51.Kg1 Qh6 52.Nc4 fxe4 53.Qe3  1-0

[Event "Lee Cup"]
[Site "Beijing"]
[Date "1996.??.??"]
[Round "7"]
[White "Ye Jiangchuan"]
[Black "Liss, Eran"]
[Result "0-1"]
[WhiteElo "2540"]
[BlackElo "2525"]

1.e4 e5 2.Nf3 Nc6 3.Bb5 a6 4.Ba4 Nf6 5.O-O Be7 6.Re1 b5 7.Bb3 d6 8.c3 O-O
9.h3 Bb7 10.d4 Re8 11.Nbd2 Bf8 12.d5 Nb8 13.Nf1 Nbd7 14.Ng3 g6 15.Bg5 Bg7
16.Nh2 h5 17.a3 Qe7 18.c4 c6 19.Rc1 Rac8 20.Nf3 bxc4 21.Bxf6 Nxf6 22.Ba4 cxd5
23.Bxe8 Qxe8 24.exd5 Nxd5 25.Ne4 Qd8 26.Rc2 Bh6 27.h4 Qe7 28.g3 Ne3 29.Rxe3 Bxe3
30.Qxd6 Bc5 31.Qxe7 Bxe7 32.Ned2 e4 33.Ng5 c3 34.bxc3 e3 35.fxe3 Bxa3 36.Kf2 Be7
37.c4 a5 38.Rb2 Bb4 39.Ngf3 Ba6 40.Ra2 Bxc4 41.Nxc4 Rxc4 42.Nd4 a4 43.Rxa4 Be1+
44.Kxe1 Rxa4 45.Kf2 Kf8 46.Ne2 Ke7 47.Kf3 Rc4 48.Nf4 Kf6 49.Nh3 Kf5 50.Nf2 f6
51.e4+ Ke5 52.Nd3+ Kd4 53.Nf4 Rc3+ 54.Kg2 Kxe4 55.Nxg6 Kf5  0-1

[Event "Lee Cup"]
[Site "Beijing"]
[Date "1996.??.??"]
[Round "8"]
[White "Yu Shaoteng"]
[Black "Li Shilong"]
[Result "1-0"]
[WhiteElo "2385"]
[BlackElo "2340"]

1.e4 e5 2.Nf3 Nc6 3.Bb5 a6 4.Ba4 Nf6 5.O-O Be7 6.Re1 b5 7.Bb3 d6 8.c3 O-O
9.h3 Bb7 10.d4 Re8 11.Nbd2 Bf8 12.d5 Nb8 13.Nf1 Nbd7 14.Ng3 g6 15.Be3 Nc5
16.Bc2 a5 17.a4 b4 18.cxb4 axb4 19.Bd2 Na6 20.Bd3 c6 21.dxc6 Bxc6 22.Qe2 Nc5
23.Bxb4 Nxd3 24.Qxd3 Rxa4 25.Rxa4 Bxa4 26.Qa3 Bc6 27.Kh2 Qa8 28.Bxd6 Bxd6
29.Qxd6 Nxe4 30.Nxe4 Bxe4 31.Nxe5 Bxg2 32.f3 Qa5 33.Qf6 Qc7 34.Kxg2 Re6 35.Rc1 Qb7
36.Qd8+ Kg7 37.Qd4 f6 38.Ng4 h5 39.Nf2 Re5 40.Ne4 g5 41.Rc5 Qe7 42.Rxe5  1-0

[Event "Bern op"]
[Site "Bern"]
[Date "1996.??.??"]
[Round "3"]
[White "Ilijin, Neboisa"]
[Black "Dervishi, Erald"]
[Result "1/2-1/2"]
[WhiteElo "2315"]
[BlackElo "2290"]

1.e4 e5 2.Nf3 Nc6 3.Bb5 a6 4.Ba4 Nf6 5.O-O Be7 6.Re1 b5 7.Bb3 d6 8.c3 O-O
9.h3 Bb7 10.d4 Re8 11.Nbd2 Bf8 12.a3 h6 13.Bc2 Nb8 14.b4 Nbd7 15.Bb2 g6 16.a4 Nb6
17.a5 Nbd7 18.Bd3 Bg7 19.Rc1 Rc8 20.d5 c5 21.dxc6 Bxc6 22.c4 bxc4 23.Bxc4 Nb8
24.Qe2 Nh5 25.g3 Qd7 26.Kh2 Qb7 27.Ba3 Nf6 28.Bd3 Rcd8 29.Nc4 Nxe4 30.Bxe4 Bxe4
31.Qxe4 d5 32.Qe2 dxc4 33.Rxc4 f5 34.Rec1 Rd7 35.Bb2 Rde7 36.Nh4 Kh7 37.Qc2 e4
38.Bxg7 Rxg7 39.Qc3 Qa7 40.Rc2 Ree7 41.Rc8 Nd7 42.Rc7 Qb8 43.Qd4 Qb5 44.Qd6 e3
45.fxe3 Rxe3 46.Ng2 Rd3 47.Qe6 Qe5 48.Qxe5 Nxe5 49.Nf4 Rd6 50.Kg2 g5 51.Ne2 Nd3
52.Rxg7+ Kxg7 53.Rc7+ Kf6 54.Rh7 Ke6  1/2-1/2

[Event "SLO-chT"]
[Site "Bled"]
[Date "1996.??.??"]
[Round "5"]
[White "Kovac, Boris"]
[Black "Kovacic, Peter"]
[Result "0-1"]
[WhiteElo "2285"]
[BlackElo "2155"]

1.e4 e5 2.Nf3 Nc6 3.Bb5 a6 4.Ba4 Nf6 5.O-O Be7 6.Re1 b5 7.Bb3 d6 8.c3 O-O
9.h3 Bb7 10.d4 Re8 11.Nbd2 Bf8 12.d5 Nb8 13.a4 Nbd7 14.a5 c6 15.dxc6 Bxc6
16.Bc2 Nc5 17.b4 Ne6 18.c4 Rc8 19.Bd3 Nf4 20.Bf1 Qd7 21.Bb2 Qb7 22.g3 Ng6
23.cxb5 Bxb5 24.Bxb5 Qxb5 25.Qb3 d5 26.Ba3 Red8 27.exd5 Rxd5 28.Ng5 Qd7 29.Nde4 Nxe4
30.Nxe4 Rd3 31.Qb1 Qd5 32.Nc5 Bxc5 33.bxc5 Qf3 34.Qb4 Rb3 35.Qa4 Rc6 36.Reb1 Nf4  0-1

[Event "Budapest FS03 GM"]
[Site "Budapest"]
[Date "1996.??.??"]
[Round "1"]
[White "Fogarasi, Tibor"]
[Black "Acs, Peter"]
[Result "1-0"]
[WhiteElo "2500"]
[BlackElo "2440"]

1.e4 e5 2.Nf3 Nc6 3.Bb5 a6 4.Ba4 Nf6 5.O-O Be7 6.Re1 b5 7.Bb3 d6 8.c3 O-O
9.h3 Bb7 10.d4 Re8 11.Nbd2 Bf8 12.a4 h6 13.Bc2 Nb8 14.b3 Nbd7 15.d5 c6 16.c4 bxc4
17.bxc4 a5 18.Nb3 Qc7 19.Bd2 Nc5 20.Re3 Nxb3 21.Bxb3 Be7 22.Nh2 Bd8 23.Rc1 Qd7
24.Bc2 Ba6 25.Rg3 Kh8 26.Bd3 Rb8 27.Nf1 cxd5 28.exd5 e4 29.Be2 Bb6 30.Ne3 Bd4
31.Ng4 Nxg4 32.Bxg4 f5 33.Bh5 Rf8 34.Bc3 Bxc3 35.Rgxc3 Rb4 36.c5 dxc5 37.Rxc5 Qxa4
38.d6 Qxd1+ 39.Rxd1 Bd3 40.d7 Rd8 41.Bg6 Rbb8 42.Rc7 Kg8 43.Ra1 Kf8 44.Rxa5 Rb5
45.Rxb5 Bxb5 46.Bxf5 Ke7 47.Bxe4 Rxd7 48.Rc5 Bd3 49.Bxd3 Rxd3 50.Rf5 Ke6
51.Rf4 Rc3 52.g3 Rb3 53.Kg2 Ra3 54.g4 Ra5 55.Kg3 Ra3+ 56.Rf3 Ra5 57.Rf8 Ra3+
58.f3 Rb3 59.Rf5 Ra3 60.Kh4 g6 61.Rf8 Ke7 62.Rh8 Kf6 63.Kg3 Kg7 64.Rb8 g5
65.Rb5 Kg6 66.Rb2 Rc3 67.Rb8 Ra3 68.Rf8 Ra5 69.h4 gxh4+ 70.Kxh4 Ra1 71.Rb8 Rh1+
72.Kg3 Rg1+ 73.Kf4 Ra1 74.Rb6+ Kg7 75.Re6 Ra4+ 76.Kf5 Ra5+ 77.Re5 Ra7 78.f4 Rb7
79.Rd5 Rf7+ 80.Ke4 Re7+ 81.Re5 Ra7 82.Re6 Ra4+ 83.Kf5 Ra5+ 84.Re5 Ra7 85.Rb5 Rf7+
86.Ke4 Re7+ 87.Kf3 Ra7 88.Rb4 Kg6 89.Rb6+ Kg7 90.Rd6 Ra3+ 91.Ke4 Ra7 92.f5 Ra4+
93.Rd4 Ra6 94.Ke5 Ra5+ 95.Rd5 Ra4 96.Rd7+ Kg8 97.Rd4 Ra5+ 98.Ke6 Ra6+ 99.Rd6 Ra4
100.f6 Rf4 101.Rd8+ Kh7 102.f7 Kg7 103.Rg8+ Kh7 104.f8=Q  1-0

[Event "HUN-ch"]
[Site "Budapest"]
[Date "1996.??.??"]
[Round "2"]
[White "Horvath, Jozsef"]
[Black "Acs, Peter"]
[Result "1-0"]
[WhiteElo "2515"]
[BlackElo "2410"]

1.e4 e5 2.Nf3 Nc6 3.Bb5 a6 4.Ba4 Nf6 5.O-O Be7 6.Re1 b5 7.Bb3 d6 8.c3 O-O
9.h3 Bb7 10.d4 Re8 11.a4 Bf8 12.d5 Nb8 13.axb5 axb5 14.Rxa8 Bxa8 15.Na3 c6
16.dxc6 Bxc6 17.Bg5 Nbd7 18.Nc2 h6 19.Nb4 Qa8 20.Bxf6 Nxf6 21.Nxc6 Qxc6 22.Nh4 Rd8
23.Re3 Rd7 24.Qf3 Qb7 25.Qg3 Nxe4 26.Qg4 d5 27.Nf5 Kh7 28.Bc2 g6 29.Nh4 h5
30.Qf3 Bh6 31.Re2 Rd6 32.Bxe4 dxe4 33.Rxe4 Qe7 34.Qe2 f5 35.Rb4 e4 36.Nf3 Bg7
37.Rxb5 Qd7 38.Ng5+ Kg8 39.Rb8+ Bf8 40.Qc4+ Kg7 41.Rc8 h4 42.f4 exf3 43.Rc7  1-0

[Event "Budapest FS02 GM"]
[Site "Budapest"]
[Date "1996.??.??"]
[Round "2"]
[White "Cao Sang"]
[Black "Acs, Peter"]
[Result "1/2-1/2"]
[WhiteElo "2455"]
[BlackElo "2440"]

1.e4 e5 2.Nf3 Nc6 3.Bb5 a6 4.Ba4 Nf6 5.O-O Be7 6.Re1 b5 7.Bb3 d6 8.c3 O-O
9.h3 Bb7 10.d4 Re8 11.Nbd2 Bf8 12.a4 h6 13.Bc2 Nb8 14.axb5 axb5 15.Rxa8 Bxa8
16.Bd3 c6 17.b3 Nbd7 18.Bb2 Qb8 19.Qc2 Nh5 20.Bf1 Nf4 21.c4 bxc4 22.bxc4 exd4
23.Nxd4 Ne5 24.Re3 c5 25.Nb5 Ne6 26.Bc3 g6 27.Nb3 Bc6 28.Bb2 Bg7 29.Na5 Qb6
30.Nxc6 Qxc6 31.Qd2 Rd8 32.Bc3 h5 33.Re1 Qd7 34.Rd1 Qe7 35.Qb2 Nf4 36.Kh1 Qf6
37.Rd2 Qe6 38.Nc7 Qe7 39.Nb5 Ne6 40.Rd1 Kh7 41.Rd2 Bh6 42.Rxd6 Rxd6 43.Nxd6 Qxd6
44.Bxe5 Qd1 45.Kg1 Bf4 46.Qa1 Qd2 47.Bc3 Qc2 48.Qa7 Bc7 49.Qa1 Qxe4 50.Qe1 Qf5
51.Qe3 Bf4 52.Qd3 Qg5 53.Qd7 Kg8 54.Qe8+ Nf8 55.Qc6 Be5 56.Qd5 Nd7 57.Bd2 Qe7
58.Be3 Bd6 59.Bg5 Nf6 60.Qa8+ Kh7 61.Qa1 Be5 62.Qd1  1/2-1/2

[Event "Budapest FS04 GM"]
[Site "Budapest"]
[Date "1996.??.??"]
[Round "4"]
[White "Rowson, Jonathan"]
[Black "Acs, Peter"]
[Result "1/2-1/2"]
[WhiteElo "2415"]
[BlackElo "2440"]

1.e4 e5 2.Nf3 Nc6 3.Bb5 a6 4.Ba4 Nf6 5.O-O Be7 6.Re1 b5 7.Bb3 d6 8.c3 O-O
9.h3 Bb7 10.d4 Re8 11.a4 Bf8 12.Nbd2 h6 13.d5 Nb8 14.c4 c6 15.axb5 axb5 16.Rxa8 Bxa8
17.dxc6 Nxc6 18.cxb5 Nb4 19.Bc4 d5 20.exd5 e4 21.Nd4 Bxd5 22.Nc6 Qd7 23.Bxd5 Qxd5
24.Nb1 Qxb5 25.Nxb4 Bxb4 26.Qe2 Qe5 27.Rd1 Bd6 28.g3 Bc5 29.Kg2 h5 30.Nc3 h4
31.Bf4 Qf5 32.Qb5 hxg3 33.fxg3 e3 34.Re1 Qc8 35.Kh2 Bd4 36.Qd3 Qc5 37.Ne2 Bxb2
38.Rb1 Be5 39.Rb5 Qc7 40.Bxe3 Qc6 41.Bf4 Bxf4 42.Nxf4 Ra8 43.Ra5 Rxa5 44.Qd8+ Kh7
45.Qxa5 Qc2+ 46.Ng2 Qf2 47.Qe1 Qf3 48.Qe5 Ne4 49.Qf4  1/2-1/2

[Event "Budapest FS03 GM"]
[Site "Budapest"]
[Date "1996.??.??"]
[Round "5"]
[White "Videki, Sandor"]
[Black "Acs, Peter"]
[Result "1-0"]
[WhiteElo "2460"]
[BlackElo "2440"]

1.e4 e5 2.Nf3 Nc6 3.Bb5 a6 4.Ba4 Nf6 5.O-O Be7 6.Re1 b5 7.Bb3 d6 8.c3 O-O
9.h3 Bb7 10.d4 Re8 11.Nbd2 Bf8 12.a4 h6 13.Bc2 Nb8 14.Bd3 c6 15.b3 Nbd7 16.Ba3 Qb6
17.a5 Qc7 18.Qc2 c5 19.d5 Nh5 20.c4 b4 21.Bc1 g6 22.Nh2 Ndf6 23.Ndf3 Bc8
24.Ra2 Bg7 25.Bf1 Nf4 26.h4 Ng4 27.g3 Nxh2 28.Nxh2 Nh5 29.Be2 Nf6 30.Kg2 h5
31.Bf3 Bd7 32.Qd1 Qc8 33.Kh1 Ng4 34.Bxg4 Bxg4 35.f3 Bd7 36.g4 hxg4 37.fxg4 Kf8
38.h5 gxh5 39.gxh5 Ke7 40.Rg1 Bh8 41.Rag2 Kd8 42.Qf3 f6 43.Ng4 Bxg4 44.Rxg4 Qd7
45.h6 Qf7 46.Rg7 Bxg7 47.Rxg7 Qf8 48.Qg4 f5 49.exf5  1-0

[Event "Budapest FS02 GM"]
[Site "Budapest"]
[Date "1996.??.??"]
[Round "10"]
[White "Cao Sang"]
[Black "Varga, Zoltan"]
[Result "1/2-1/2"]
[WhiteElo "2455"]
[BlackElo "2540"]

1.e4 e5 2.Nf3 Nc6 3.Bb5 a6 4.Ba4 Nf6 5.O-O Be7 6.Re1 b5 7.Bb3 O-O 8.c3 d6
9.h3 Bb7 10.d4 Re8 11.Nbd2 Bf8 12.a4 h6 13.Bc2 exd4 14.cxd4 Nb4 15.Bb1 c5
16.b3 cxd4 17.Nxd4 bxa4 18.Rxa4 a5 19.Bb2 Nd7  1/2-1/2

[Event "Budapest FS03 GM"]
[Site "Budapest"]
[Date "1996.??.??"]
[Round "13"]
[White "Videki, Sandor"]
[Black "Fogarasi, Tibor"]
[Result "1/2-1/2"]
[WhiteElo "2460"]
[BlackElo "2500"]

1.e4 e5 2.Nf3 Nc6 3.Bb5 a6 4.Ba4 Nf6 5.O-O Be7 6.Re1 b5 7.Bb3 O-O 8.c3 d6
9.h3 Bb7 10.d4 Re8 11.Nbd2 Bf8 12.a4 h6 13.Bc2 exd4 14.cxd4  1/2-1/2

[Event "Buenos Aires op"]
[Site "Buenos Aires"]
[Date "1996.??.??"]
[Round "?"]
[White "Vasquez, Rodrigo"]
[Black "Toloza, Pablo"]
[Result "0-1"]
[WhiteElo "2520"]
[BlackElo "2395"]

1.e4 e5 2.Nf3 Nc6 3.Bb5 a6 4.Ba4 Nf6 5.O-O Be7 6.Re1 b5 7.Bb3 d6 8.c3 O-O
9.h3 Bb7 10.d4 Re8 11.Nbd2 Bf8 12.a4 h6 13.Bc2 exd4 14.cxd4 Nb4 15.Bb1 c5
16.d5 Nd7 17.Ra3 f5 18.Nh2 Nf6 19.Rf3 fxe4 20.Nxe4 Nxe4 21.Rxe4 Bxd5 22.Rxf8+ Kxf8
23.Rxb4 cxb4 24.Qxd5 Re1+ 25.Nf1 Rxc1 26.Bh7 Ke7 27.Qe4+ Kd7 28.axb5 Kc7
29.Qxb4 axb5 30.Qxb5 Qb8 31.Qd5 Rxf1+ 32.Kxf1 Ra1+ 33.Ke2 Qxb2+ 34.Ke3 Re1+
35.Kf3 Qe2+ 36.Kg3 Qe5+ 37.Qxe5 Rxe5  0-1

[Event "Cairo op"]
[Site "Cairo"]
[Date "1996.??.??"]
[Round "5"]
[White "Yasseen, Aly"]
[Black "Labib, Ibrahim Hasan"]
[Result "1-0"]
[WhiteElo "2350"]
[BlackElo "2195"]

1.e4 e5 2.Nf3 Nc6 3.Bb5 a6 4.Ba4 Nf6 5.O-O Be7 6.Re1 b5 7.Bb3 d6 8.c3 O-O
9.h3 Bb7 10.d4 Re8 11.Nbd2 Bf8 12.d5 Nb8 13.Nf1 Nbd7 14.g4 Nc5 15.Bc2 a5
16.b3 c6 17.c4 bxc4 18.bxc4 Ba6 19.N3d2 cxd5 20.exd5 g6 21.Ne3 Nfd7 22.Nb3 Bg7
23.Nxc5 Nxc5 24.Rb1 e4 25.Ba3 Bc3 26.Rf1 Ra7 27.Ba4 Nxa4 28.Qxa4 Rf8 29.Qc2 Be5
30.Qxe4 f5 31.gxf5 gxf5 32.Nxf5 Qg5+ 33.Ng3 Rf4 34.Rb8+ Kg7 35.Qg2 Kh6 36.Bc1 Bxc4
37.Bxf4 Qxf4 38.Re1 Rg7 39.Re4 Qc1+ 40.Kh2 Rg5 41.Rc8  1-0

[Event "Cairo op"]
[Site "Cairo"]
[Date "1996.??.??"]
[Round "6"]
[White "Henni, Mohamed"]
[Black "El Taher, Fouad"]
[Result "0-1"]
[WhiteElo "2335"]
[BlackElo "2445"]

1.e4 e5 2.Nf3 Nc6 3.Bb5 a6 4.Ba4 Nf6 5.O-O Be7 6.Re1 b5 7.Bb3 d6 8.c3 O-O
9.h3 Bb7 10.d3 Na5 11.Bc2 c5 12.Nbd2 Re8 13.Nf1 h6 14.Ng3 Bf8 15.d4 cxd4
16.cxd4 exd4 17.b3 Nc6 18.Nxd4 Nxd4 19.Qxd4 Rc8 20.Re2 Nd5 21.Bd3 Nc3 22.Re1 g6
23.Bf4 Bg7 24.Qa7 Re7 25.Rac1 d5 26.exd5 Qxd5 27.Bf1 Rxe1 28.Rxe1 Bd4  0-1

[Event "Cairo op"]
[Site "Cairo"]
[Date "1996.??.??"]
[Round "8"]
[White "El Taher, Fouad"]
[Black "Labib, Ibrahim Hasan"]
[Result "1-0"]
[WhiteElo "2445"]
[BlackElo "2195"]

1.e4 e5 2.Nf3 Nc6 3.Bb5 a6 4.Ba4 Nf6 5.O-O Be7 6.Re1 b5 7.Bb3 d6 8.c3 O-O
9.h3 Bb7 10.d4 Re8 11.Nbd2 Bf8 12.d5 Nb8 13.Nf1 Nbd7 14.Ng3 g6 15.a3 Nc5
16.Ba2 c6 17.b4 Na4 18.dxc6 Bxc6 19.Qb3 Ra7 20.c4 bxc4 21.Qxc4 Qa8 22.Bg5 Bg7
23.Rac1 Bb5 24.Qc2 Nb6 25.Be3 Qb8 26.Bb3 Rc8 27.Qa2 Rac7 28.Kh2 Na4 29.Ng5 Be8
30.Qd2 Rxc1 31.Rxc1 Rxc1 32.Qxc1 Nb6 33.Qf1 Qb7 34.Qd3 Bf8 35.f4 exf4 36.Bxf4 Qe7
37.Qxa6 Nbd7 38.Qb7 h6 39.Nf3 g5 40.Bc1 g4 41.Nf5 Qxe4 42.Qxe4 Nxe4 43.hxg4 Ndf6
44.g5 hxg5 45.Nxg5 Nc3 46.Bb2 Nfd5 47.Ne4 Ba4 48.Bxa4 Nxa4 49.Bd4 Kh7 50.Nexd6 Kg6
51.g4 Ndc3 52.b5 Nb1 53.b6 Nxb6 54.Bxb6 Nxa3 55.Kg3 Nc2 56.Ba5 Kf6 57.Bc3+ Ke6
58.Ne4 f6 59.Bxf6 Nb4 60.Bc3  1-0

[Event "Cairo op"]
[Site "Cairo"]
[Date "1996.??.??"]
[Round "9"]
[White "Hakki, Imad"]
[Black "Elsayed, Moustafa"]
[Result "1/2-1/2"]
[WhiteElo "2380"]
[BlackElo "2180"]

1.e4 e5 2.Nf3 Nc6 3.Bb5 a6 4.Ba4 Nf6 5.O-O Be7 6.Re1 b5 7.Bb3 d6 8.c3 O-O
9.h3 Bb7 10.d4 exd4 11.cxd4 Na5 12.Bc2 c5 13.Nbd2 Re8 14.d5 Nd7 15.Nf1 Bf6
16.Rb1 g6 17.b3 Bc8 18.Bf4 Nb7 19.Bd2 Bg7 20.Ng3 b4 21.Bd3 Ne5 22.Nxe5 dxe5
23.Qe2 Qd6 24.Rbc1 Bd7 25.Nf1 f5 26.Ne3 f4 27.Nc4 Qf6 28.Qd1 a5 29.a4 h5
30.Be2 Kh7 31.Rc2 Rg8 32.Bc1 Raf8 33.Bb2 Qg5 34.Kh2 Rf7 35.Rd2 Re8 36.Bf3 Qh4
37.Qe2 Kh6 38.Rh1 Qd8 39.d6 Bc6 40.Rhd1 Rd7 41.Rd3 Re6 42.g3 fxg3+ 43.fxg3 Kh7
44.h4 Nxd6 45.Bg2 Nxc4 46.Rxd7 Bxd7 47.Qxc4 Qe7 48.Bc1 Rc6 49.Qb5 Rc7 50.Qxa5 Be6
51.Bg5 Qf7 52.Bd8 Rd7 53.Rxd7 Qxd7 54.Bb6 Bxb3 55.Bxc5 Qxa4 56.Qxa4 Bxa4
57.Bxb4  1/2-1/2

[Event "Calcutta op"]
[Site "Calcutta"]
[Date "1996.??.??"]
[Round "6"]
[White "Dolmatov, Sergey"]
[Black "Joshi, G B."]
[Result "1-0"]
[WhiteElo "2610"]
[BlackElo "2305"]

1.e4 e5 2.Nf3 Nc6 3.Bb5 a6 4.Ba4 Nf6 5.O-O Be7 6.Re1 b5 7.Bb3 d6 8.c3 O-O
9.h3 Bb7 10.d4 Re8 11.Nbd2 Bf8 12.d5 Nb8 13.Nf1 Nbd7 14.N3h2 a5 15.Ng4 a4
16.Bc2 Nxg4 17.hxg4 c6 18.Ne3 Nc5 19.g3 Ra7 20.dxc6 Bxc6 21.Nd5 Bxd5 22.exd5 g6
23.Be3 Qc8 24.Kg2 Bg7 25.g5 Rb7 26.Qd2 e4 27.a3 Qf5 28.Rad1 Nd7 29.Bf4 Rb6
30.f3 Nc5 31.fxe4 Qd7 32.Qf2 Be5 33.Qf3 Rb7 34.Rf1 Qe7 35.Rde1 Rc7 36.Rf2 Qd8
37.Qe2 Rb7 38.Ref1 Qb6 39.Be3 Ree7 40.Qg4 Qd8 41.Qh4 Qf8 42.Bd4 Re8 43.Qg4 Rc7
44.Qe2 Rb7 45.Bd3 Nb3 46.Bxb5 Nxd4 47.cxd4 Bxd4 48.Bxe8 Qxe8 49.Qa6 Qxe4+
50.Rf3 Qxd5 51.Kh3 Qe6+ 52.g4 Ra7 53.Qb5 Qe5 54.Qb8+ Kg7 55.Qxa7  1-0

[Event "Cannes Martinez op"]
[Site "Cannes"]
[Date "1996.??.??"]
[Round "1"]
[White "Melloul, Claude"]
[Black "Daurelle, Herve"]
[Result "1/2-1/2"]
[WhiteElo "2060"]
[BlackElo "2235"]

1.e4 e5 2.Nf3 Nc6 3.Bb5 a6 4.Ba4 Nf6 5.O-O Be7 6.Re1 b5 7.Bb3 d6 8.c3 O-O
9.h3 Re8 10.Ng5 Rf8 11.Nf3 Bb7 12.d4 Re8 13.Nbd2 Bf8 14.Bc2 g6 15.d5 Nb8
16.b3 Nbd7 17.Nf1 c6 18.c4 Qc7 19.Bd2 Bg7 20.Rc1 c5 21.Ng3 b4 22.Nh2 a5 23.Ng4 Rf8
24.Be3 h5 25.Nxf6+ Nxf6 26.Qd2 Bc8 27.Rf1 Nh7 28.Ne2 a4 29.Bh6 axb3 30.axb3 Bd7
31.Bxg7 Kxg7 32.f4 Ra2 33.Ra1 Qa7 34.Rxa2 Qxa2 35.fxe5 dxe5 36.Rb1 Nf6 37.Qd3 Re8
38.Nc1 Qa5 39.Qe3 Bc8 40.Rb2 Qb6 41.Nd3 Nd7 42.Ra2 Bb7 43.Qc1 Ra8 44.Rxa8 Bxa8
45.Qa1 Bb7 46.Qa4 Qc7 47.Qa7 Qc8 48.Bd1 Qa8 49.Qxa8 Bxa8 50.g4 Kh6 51.Kg2 h4
52.Kf3 Kg5 53.Ke3 Bb7 54.Ne1 Kf6 55.Nd3 Bc8 56.Be2 g5 57.Bd1 Ke7 58.Kf3 Kd6
59.Be2 Nb6 60.Ne1 Ba6 61.Ke3 Nd7 62.Kd3 Nf8 63.Ng2 Bc8 64.Ne3 Ng6 65.Bf1 Nf4+
66.Kd2 Bd7 67.Kd1 f6 68.Kd2 Ng6 69.Kd1  1/2-1/2

[Event "Politiken Cup"]
[Site "Copenhagen"]
[Date "1996.??.??"]
[Round "11"]
[White "Hansen, Sune Berg"]
[Black "Hjartarson, Johann"]
[Result "0-1"]
[WhiteElo "2495"]
[BlackElo "2570"]

1.e4 e5 2.Nf3 Nc6 3.Bb5 a6 4.Ba4 Nf6 5.O-O Be7 6.Re1 b5 7.Bb3 d6 8.c3 O-O
9.h3 Bb7 10.d4 Re8 11.Ng5 Rf8 12.Nf3 Re8 13.Ng5 Rf8 14.Nf3 Qd7 15.Nbd2 Rad8
16.a3 Rfe8 17.d5 Nb8 18.Nf1 h6 19.Ng3 c6 20.Nh2 cxd5 21.exd5 Qc8 22.Ng4 Nxg4
23.hxg4 Nd7 24.Nf5 Bf8 25.g5 Nb6 26.Bc2 Nxd5 27.gxh6 g6 28.Nh4 Be7 29.Nf3 Nf6
30.Ng5 Nh7 31.Nxh7 Kxh7 32.f4 f5 33.Be3 Bf8 34.Qd2 Bxh6 35.g4 exf4 36.Qh2 Rxe3
37.Rxe3 Qc5  0-1

[Event "Edinburgh"]
[Site "Edinburgh"]
[Date "1996.??.??"]
[Round "2"]
[White "Bryson, Douglas M"]
[Black "Mannion, Stephen R"]
[Result "1-0"]
[WhiteElo "2380"]
[BlackElo "2365"]

1.e4 e5 2.Nf3 Nc6 3.Bb5 a6 4.Ba4 Nf6 5.O-O Be7 6.Re1 b5 7.Bb3 d6 8.c3 O-O
9.h3 Bb7 10.d4 Re8 11.Nbd2 Bf8 12.a4 h6 13.Bc2 Nb8 14.d5 Nbd7 15.b4 c6 16.c4 bxc4
17.dxc6 Bxc6 18.Nxc4 d5 19.Na5 dxe4 20.Nxc6 Qc7 21.Nd2 Qxc6 22.Ba3 Rab8 23.Rb1 Red8
24.Nxe4 Nxe4 25.Bxe4 Qd6 26.Qxd6 Bxd6 27.a5 Nf6 28.Bf3 Rdc8 29.Red1 Bf8 30.Be2 Rc3
31.Bb2 Rc6 32.b5 axb5 33.Bxe5 Rbc8 34.Bxb5 Re6 35.Bd4 Ra8 36.a6 Ne4 37.Bc4 Rd6
38.Be5 Rxd1+ 39.Rxd1 Bc5 40.Rd7 Nxf2 41.Bd4 Ne4 42.Bxc5 Nxc5 43.Rxf7 Rxa6
44.Rf6+ Ne6 45.Rxe6  1-0

[Event "ISL-ch"]
[Site "Gardabaer"]
[Date "1996.??.??"]
[Round "3"]
[White "Jonasson, Benedikt"]
[Black "Bjarnason, Saevar"]
[Result "1/2-1/2"]
[WhiteElo "2280"]
[BlackElo "2305"]

1.e4 e5 2.Nf3 Nc6 3.Bb5 a6 4.Ba4 Nf6 5.O-O Be7 6.Re1 b5 7.Bb3 d6 8.c3 O-O
9.h3 Bb7 10.d4 Re8 11.dxe5 Nxe5 12.Nxe5 dxe5 13.Qf3 c5 14.Nd2 c4 15.Bc2 Nd7  1/2-1/2

[Event "BL2-W9596"]
[Site "Germany"]
[Date "1996.??.??"]
[Round "?"]
[White "Hogenacker, Jacques"]
[Black "Kalka, Arkadius Georg"]
[Result "1-0"]
[WhiteElo "2295"]
[BlackElo "2330"]

1.e4 e5 2.Nf3 Nc6 3.Bb5 a6 4.Ba4 Nf6 5.O-O b5 6.Bb3 Be7 7.Re1 d6 8.c3 O-O
9.h3 Bb7 10.d4 Qd7 11.Nbd2 Rad8 12.Nf1 exd4 13.cxd4 Na5 14.Bc2 d5 15.e5 Ne4
16.Ng3 f5 17.exf6 Bxf6 18.Nh5 Qf7 19.Nxf6+ Qxf6 20.b3 Nc6 21.Be3 Bc8 22.Rc1 Bf5
23.Bb1 b4 24.Bd3 Rd6 25.Qc2 Re6 26.Nd2 Nxd4 27.Bxd4 Qxd4 28.Nxe4 Bxe4 29.Bxe4 dxe4
30.Re2 e3 31.f3 h6 32.Qc4 Qe5 33.Qxc7 Qf6 34.Qc4 Kh8 35.Rce1 Rfe8 36.Kh1 a5
37.Qc5 Qc3 38.Qxc3 bxc3 39.Rc1 Rc8 40.Kg1 Kh7 41.Kf1 Kg6 42.Rec2 Rec6 43.Ke2 Kf5
44.Kxe3 g5 45.Rd1 a4 46.Rd5+ Ke6 47.Rd4 axb3 48.axb3 Rb6 49.b4 Ra6 50.Kd3 Ra3
51.Rc4 Rd8+ 52.Ke3 Rb8 53.R2xc3 Rxc3+ 54.Rxc3 Kd5 55.Rc5+ Kd6 56.Rc4 Kd5
57.Rg4 Ra8 58.h4 Ra3+ 59.Kf2 gxh4 60.Rxh4 Ra6 61.Rh5+ Kd4 62.b5 Rg6 63.g4  1-0

[Event "BL2-N9596"]
[Site "Germany"]
[Date "1996.??.??"]
[Round "?"]
[White "Penzold, Andreas"]
[Black "Apel, Stefan"]
[Result "0-1"]
[WhiteElo "2260"]
[BlackElo "2340"]

1.e4 e5 2.Nf3 Nc6 3.Bb5 a6 4.Ba4 Nf6 5.O-O Be7 6.Re1 b5 7.Bb3 d6 8.c3 O-O
9.h3 Bb7 10.d4 Re8 11.Ng5 Rf8 12.Nf3 Re8 13.Nbd2 Bf8 14.Bc2 Nb8 15.b3 Nbd7
16.Bb2 g6 17.a4 Bg7 18.Bd3 c6 19.Ba3 Qb8 20.Rb1 d5 21.Qc2 Qc7 22.exd5 Nxd5
23.Ne4 b4 24.cxb4 exd4 25.Bc4 N7b6 26.Rbd1 Nc3 27.Rd2 Nxc4 28.bxc4 c5 29.Nxc3 Rxe1+
30.Nxe1 dxc3 31.Re2 cxb4 32.Bxb4 Qxc4 33.Ba3 Bc6 34.Qa2 Qxa2 35.Rxa2 Bxa4
36.Bc1 Bb5 37.Nc2 Re8 38.Be3 Rd8 39.g4 Be5 40.Kg2 Rd1 41.Kf3 f5 42.gxf5 gxf5
43.Nb4 Rb1 44.Bc5 Kf7 45.Ra3 Rh1 46.Ke3 Rxh3+ 47.f3 Ke6 48.Bd4 Bxd4+ 49.Kxd4 Rxf3
50.Nxa6 Rd3+ 51.Kc5 Bxa6 52.Rxa6+ Ke5 53.Ra1 f4  0-1